LEADER 01411nam 2200361Ia 450 001 996387073103316 005 20200824132411.0 035 $a(CKB)4940000000083963 035 $a(EEBO)2240935280 035 $a(OCoLC)ocm22425820e 035 $a(OCoLC)22425820 035 $a(EXLCZ)994940000000083963 100 $a19900924d1624 uy | 101 0 $aeng 135 $aurbn||||a|bb| 200 14$aThe pleasant history of Lazarillo de Tormes a Spanyard$b[electronic resource] $ewherein is contained his maruellous deeds and life, with the strange aduentures happened to him, in the seruice of sundry masters /$fdrawen out of Spanish, by Dauid Rowland of Anglesey ; Accuerdo, Oluido 210 $aLondon $cPrinted by J.H.$d1624 215 $a[167] p. $cill 300 $aRunning title: The Spaniards life. 300 $aDedication signed: Tho. Walkley. 300 $aSignatures: A-K? L?. 300 $aImperfect: tightly bound, with print show-through. 300 $aReproduction of original in the University of Illinois (Urbana-Champaign Campus). Library. 330 $aeebo-0167 701 $aRowland$b David$ffl. 1569-1586.$01002410 701 $aWalkley$b Thomas$fd. 1658?$01003409 801 0$bEBK 801 1$bEBK 801 2$bWaOLN 906 $aBOOK 912 $a996387073103316 996 $aThe pleasant history of Lazarillo de Tormes a Spanyard$92389656 997 $aUNISA LEADER 01532nas 2200517- 450 001 996208575003316 005 20220322213019.0 035 $a(OCoLC)42881027 035 $a(CKB)110984073530344 035 $a(CONSER)--2015247537 035 $a(EXLCZ)99110984073530344 100 $a19991123a19999999 --- a 101 0 $aeng 135 $aur|n||||||||| 135 $aurcnu|||||||| 135 $aurun||||||||| 181 $ctxt$2rdacontent 182 $cc$2rdamedia 183 $acr$2rdacarrier 200 00$aColoradobiz 210 $aEnglewood, Colo. $cWiesner Pub., LLC$d©1999- 210 31$aGreenwood Village, Colo. :$cWiesnerMedia 215 $a1 online resource 311 $a1523-6366 517 1 $aColorado biz 517 1 $aColoradobiz magazine 517 1 $aColorado business magazine 606 $aBusiness (General)$2ebps 606 $aColorado$2ebps 606 $aCommerce$2fast$3(OCoLC)fst00869279 606 $aEconomic history$2fast$3(OCoLC)fst00901974 607 $aColorado$xEconomic conditions$vPeriodicals 607 $aColorado$xCommerce$vPeriodicals 607 $aColorado$xConditions économiques$vPériodiques 607 $aColorado$xCommerce$vPériodiques 607 $aColorado$2fast 608 $aPeriodicals.$2fast 615 7$aBusiness (General). 615 7$aColorado. 615 7$aCommerce. 615 7$aEconomic history. 686 $a85.05$2bcl 906 $aJOURNAL 912 $a996208575003316 996 $aColoradobiz$91959110 997 $aUNISA